बौद्धदर्शन तथा त्रप्रन्य भारतीय दर्शन (Record no. 31742)
[ view plain ]
| 000 -LEADER | |
|---|---|
| fixed length control field | 00399nam a22001217a 4500 |
| 003 - CONTROL NUMBER IDENTIFIER | |
| control field | SGT |
| 082 ## - DEWEY DECIMAL CLASSIFICATION NUMBER | |
| Classification number | 200 |
| Item number | B11U |
| 100 ## - MAIN ENTRY--PERSONAL NAME | |
| Personal name | उपाध्याय, भारत सिंह |
| 245 ## - TITLE STATEMENT | |
| Title | बौद्धदर्शन तथा त्रप्रन्य भारतीय दर्शन |
| 260 ## - PUBLICATION, DISTRIBUTION, ETC. (IMPRINT) | |
| Name of publisher, distributor, etc | बंगाल हिंदी मंडल |
| Year of Publication | 2011 |
| 300 ## - PAGE DESCRIPTION | |
| No. of Pages | 711 |
| 942 ## - ADDED ENTRY ELEMENTS (KOHA) | |
| Source of classification or shelving scheme | Dewey Decimal Classification |
| Koha item type | Books |
| Withdrawn status | Lost status | Source of classification or shelving scheme | Damaged status | Not for loan | Home library | Current library | Shelving location | Date acquired | SGTU | Total Checkouts | Full call number | Accession No. (Barcode) | Date last seen | Bill Date | Koha item type |
|---|---|---|---|---|---|---|---|---|---|---|---|---|---|---|---|
| Dewey Decimal Classification | SGT Chancellor's Library | SGT Chancellor's Library | Reference Book | 02/07/2025 | SGTU | 200 B11U | CH3732 | 02/07/2025 | 02/07/2025 | Books | |||||
| Dewey Decimal Classification | SGT Chancellor's Library | SGT Chancellor's Library | Reference Book | 02/07/2025 | SGTU | 200 B11U | CH3733 | 02/07/2025 | 02/07/2025 | Books |